| 000 | 00522nam a22001697u 4500 | ||
|---|---|---|---|
| 008 | 130405s1979 xxu||||| |||| 00| 0 ger d | ||
| 041 | _ager | ||
| 100 | 1 |
_aGnilka, Joachim _912073 |
|
| 245 | 0 | 0 |
_aDas Evangelium nach Markus II _cJoachim Gnilka |
| 260 |
_aZurich: _bNeukirchener Verlag, _c1979 |
||
| 300 |
_a364 p. _c;24 cm. |
||
| 490 | 0 |
_aEKK. Evangelisch-Katholischer Kommentar zum Neuen Testament _v2 |
|
| 500 | _aContiene:II.Mk.8-27-16,20 | ||
| 630 | 0 | 4 |
_aBiblia _pN.T. _pEvangelios _913405 |
| 942 | _cBK | ||
| 001 | 30563 | ||
| 999 |
_c241387 _d241387 |
||